عرض عادي
عرض مارك
- Case, Christine L.,
مدخل إسم شخص
001 - رقم الضبط
- حقل الضبط: 19456
003 - معرف رقم الضبط
- حقل الضبط: OSt
005 - تاريخ ووقت أخر عملية
- حقل الضبط: 20121231210123.0
008 - عناصر بيانات ثابتة الطول
- حقل تحكم ثابت الطول: 121231|||a|||||| | ||| d
040 ## - مصدر الفهرسة
- هيئة الفهرسة الأصلية: OSt
- وكالة الكتابة: OSt
100 ## - مدخل -- أسم شخص
- إسم شخص: Case, Christine L.,
- تواريخ مرتبطة بالاسم: 1948-
670 ## - بيانات المصدر موجوده
- الاستشهاد بالمصدر: Work cat.: (OSt)0: Johnson, Ted R., 1946- 19455, Laboratory experiments in microbiology /, c2010.
